Statistics for Countries Closest to Djibouti - 30 Second Sprint

Click here to take the quiz!

General Stats

  • This quiz has been taken 44 times
  • The average score is 12 of 20

Answer Stats

kmcountrymiles% Correct
0Eritrea0
95%
0Somalia0
95%
0Ethiopia0
92%
20Yemen12
90%
1155Oman718
85%
624Sudan387
85%
751Kenya467
82%
857South Sudan532
77%
409Saudi Arabia254
74%
1365Egypt848
69%
1143Uganda710
46%
1585Tanzania985
44%
1515United Arab Emirates941
44%
1458Dem Rep of Congo906
38%
1835Rwanda1140
36%
1706Central African Republic1060
28%
1640Bahrain1019
26%
1551Qatar964
26%
1822Kuwait1132
23%
1843Iraq1145
18%

Score Distribution

Percentile by Number Answered

Percent of People with Each Score

Your Score History

You have not taken this quiz